[Event "45th Olympiad 2024"]
[Site "Budapest HUN"]
[Date "2024.09.21"]
[Round "10.80"]
[Board "2"]
[White "James, Justin"]
[Black "Rowe, Peter"]
[Result "1-0"]
[WhiteElo "1745"]
[BlackElo "1973"]
[PlyCount "41"]
[EventDate "2024.09.11"]
[WhiteTeam "Saint Lucia"]
[BlackTeam "Guernsey"]

1. e4 d6 2. d4 Nf6 3. Nc3 e5 4. dxe5 dxe5 5. Qxd8+ Kxd8 6. Bc4 Be6 7. Bxe6 fxe6 8. a3 Bd6 9. f3 Ke7 ({RR} 9... Nc6 10. Be3 Ke7 11. Nge2 a6 12. O-O-O Rhb8 13. Na4 Nd7 14. Bg5+ Kf7 15. Rhf1 b5 16. Nac3 h6 17. f4 hxg5 18. fxe5+ Ke7 19. exd6+ cxd6 20. Rf3 Nde5 21. Rg3 g4 22. h3 a5 23. hxg4 b4 24. Nb1 {1-0 Dwilewicz,K (2113)-Quirke,J (1986) Titled Tue 6th Feb Early 2024 (6)}) 10. Be3 a6 11. Nh3 Nc6 12. O-O-O $146 ({RR} 12. Rd1 b5 13. Nf2 h6 14. h4 Rhb8 15. Ke2 b4 16. axb4 Nxb4 17. Kd2 Nh5 18. Kc1 a5 19. Na4 Nf4 20. c3 Nc6 21. Rh2 Rf8 22. Kc2 Rab8 23. Nd3 Rbd8 24. Ndc5 Nh5 25. Rhh1 Rb8 26. Rhe1 Nf4 {0-1 Subirats Ruiz,S (2173)-Lubczynski,R (2429) EU-ch blitz Katowice 2017 (6)}) 12... Na5 13. Kb1 Nc4 14. Bc1 b5 15. Ka2 Bc5 16. b3 Ne3 17. Rd2 Rad8 18. Re2 Nfd5 19. Nxd5+ exd5 20. Bxe3 d4 21. Bg5+ 1-0

[Event "45th Olympiad 2024"]
[Site "Budapest HUN"]
[Date "2024.09.21"]
[Round "10.80"]
[Board "3"]
[White "Brookfield, Toby"]
[Black "Elizee, Kaieem"]
[Result "0-1"]
[WhiteElo "1872"]
[BlackElo "1701"]
[PlyCount "44"]
[EventDate "2024.09.11"]
[WhiteTeam "Guernsey"]
[BlackTeam "Saint Lucia"]

1. e4 c5 2. Nf3 e6 3. d4 cxd4 4. Nxd4 Nc6 5. Nc3 Qc7 6. Be3 a6 7. Qd2 Nf6 8. O-O-O Bb4 9. f3 d5 10. Nxc6 bxc6 11. a3 ({RR} 11. exd5 cxd5 12. Bg5 Nd7 13. Qd4 Bxc3 14. bxc3 f6 15. Bh4 Rb8 16. Re1 O-O 17. Bd3 Ne5 18. Bg3 Nxd3+ 19. Qxd3 e5 20. Qxd5+ Kh8 21. Rd1 Qxc3 22. Qd3 Qb4 23. Qb3 Bf5 24. Qxb4 Rxb4 25. Rd6 Ra4 {0-1 Perez Vega,S-Winkler,S (1855) Kasparov CF University Cup rapid 2022 (8.5)}) 11... Be7 12. g4 Rb8 13. g5 $146 ({RR} 13. exd5 Qb7 14. b4 Nxd5 15. Nxd5 cxd5 16. Bd4 O-O 17. Qc3 f6 18. f4 Bd7 19. Bd3 Bd6 20. Rhf1 a5 21. bxa5 Rfc8 22. Qa1 Qc7 23. Bb6 Bxf4+ 24. Kb1 Be5 25. Ka2 Qd6 26. Qb1 Rc3 27. Qb4 Qc6 {0-1 Peczely,S (2225)-Simon,L (2077) HUN-chT 1415 2014 (1.2)}) 13... Qb7 14. Na4 Nd7 15. Qc3 O-O 16. exd5 cxd5 17. Bh3 e5 18. Bf2 d4 19. Qc4 Nb6 20. Nxb6 Qxb6 21. f4 Bxh3 22. b4 Bf5 0-1

[Event "45th Olympiad 2024"]
[Site "Budapest HUN"]
[Date "2024.09.21"]
[Round "10.80"]
[Board "4"]
[White "Daniel, Cyrus"]
[Black "Owen, Garth I"]
[Result "0-1"]
[WhiteElo "1759"]
[BlackElo "1810"]
[PlyCount "94"]
[EventDate "2024.09.11"]
[WhiteTeam "Saint Lucia"]
[BlackTeam "Guernsey"]

1. e4 {Ftacnik,Lubomir} c5 2. Nf3 d6 3. d4 cxd4 4. Nxd4 Nf6 5. Nc3 a6 6. Be3 e5 7. Nb3 Be6 8. f3 Nbd7 9. Qd2 b5 10. O-O-O Nb6 11. Qf2 Nc4 12. g4 ({RR} 12. Bxc4 bxc4 13. Na5 Qd7 ({RR} 13... Qc8 14. Nd5 Rb8 ({RR} 14... Nxd5 15. exd5 Bd7 16. f4 Rb8 17. Bd2 f6 18. Bc3 Be7 19. Rhe1 O-O 20. Re4 Bb5 21. Nc6 Rb7 22. Qf3) 15. Qe2 Bxd5 16. exd5 c3 17. b3 Rb5 18. Qc4 Qxc4 19. Nxc4 Be7 20. Rd3 e4 21. fxe4 Nxe4 22. a4 Rb8 23. Bd4) ({RR} 13... Nd7 14. Nc6 Qc7 15. Nb4 Qb7 16. Nbd5 Rb8 17. b3 cxb3 18. cxb3 Be7 19. Kb2 Bd8 20. Rd3 ({RR} 20. Qg3) 20... O-O 21. g4 Kh8 22. Rc1 Ba5 23. Rc2 Rfc8) ({RR} 13... Rc8 14. Bb6 Qd7 15. g3 g6 16. Rd2 Bh6 17. f4 Ng4 18. Qf3 Rb8 19. h3 Nf6 20. Bc5 exf4 21. gxf4 Rc8 22. Bxd6 Qd8 23. Bb4 Qb6 24. a3 Nh5 25. Kb1 Bxf4 26. Nd5 Bxd5 27. Rxd5 Bb8 28. Rhd1) 14. Rd2 ({RR} 14. g4 Be7 15. g5 Nh5 16. Nd5 Qa4 17. Nc3 Qd7 18. Nd5 Qa4 19. Qe1 c3 20. Qxc3 Rc8 21. Qd2 Qxa2 22. Qb4 Bxd5 23. exd5 O-O 24. Nc6 Bd8 25. c3 Nf4 26. Bxf4 exf4 27. Rhe1 Bxg5 28. Qxd6) 14... Be7 15. Rhd1 Rb8 ({RR} 15... O-O 16. Bc5 Qc7 17. Bb6 Qd7 18. g4) 16. Bc5 ({RR} 16. Bb6 O-O 17. g4 Ne8 18. h4 Nc7) 16... Qc7 17. Rxd6 Qxa5 ({RR} 17... Bxd6 18. Bxd6 Qb6 19. Qxb6 Rxb6 20. Bxe5) 18. Rxe6 fxe6 19. Bxe7 Rb7 ({RR} 19... Kxe7 20. Qa7+ Kf8 21. Qxb8+ Ne8 22. Rd8) 20. Bd6 Nd7 ({RR} 20... Kf7 21. f4) 21. Qh4 ({RR} 21. Qe2 Qb6 22. Qxc4 Kf7 ({RR} 22... Qxb2+ 23. Kd2 Kf7 24. Rb1) 23. b3) 21... Qd8 ({RR} 21... Nf6 22. Qg5 Kf7 23. Bxe5) 22. Qh5+ ({RR} 22. Qxd8+ Kxd8 23. Bxe5) 22... g6 23. Qh6 Qf6 24. Ne2 Kf7 25. h4 g5 ({RR} 25... Qg7 26. Qe3) 26. hxg5 ({RR} 26. Qxg5 Qxg5+ 27. hxg5 Rg8 ({RR} 27... Kg6 28. f4 exf4 29. Nxf4+ Kf7 30. e5) 28. Rh1 Rxg5 29. Rxh7+ Kg8 30. Rh2) 26... Qxh6 {1-0 Anand,V (2792)-Gelfand,B (2723) Corus Wijk aan Zee 2006 (13)}) ({RR} 12. Bxc4 bxc4 13. Bb6 Qc8 14. Na5 Be7 15. Nd5 Bxd5 16. exd5 O-O 17. Nc6 Qd7 18. Nxe7+ Qxe7 19. g4 Qb7 20. Ba5 Nxd5 21. Qd2 c3 22. Bxc3 Nxc3 23. Qxc3 Rfc8 24. Qd3 Rab8 25. b3 Qb4 26. Kb2 Rc6 {1-0 Baziuk,V (2211)-Ferro,M (2217) Titled Tue 1st Aug Late 2023 (2)}) 12... Nxe3 $146 ({RR} 12... Bxg4 13. Rg1 Nxe3 14. Qxe3 Be6 15. f4 exf4 16. Qxf4 Qc7 17. Nd5 Bxd5 18. exd5 Be7 19. Rxg7 Rf8 20. Rg2 Nd7 21. Nd4 h5 22. Nc6 Ne5 23. Re2 f6 24. Qh6 Nxc6 25. Qxh5+ Kd8 26. dxc6 Ra7 27. Qd5 {1-0 Xiong,J (1896)-Henry,L (2122) CAN-ch U20 qual 2006 (1)}) ({RR} 12... Be7 13. h4 Nxe3 14. Qe2 O-O 15. Qxe3 b4 16. Nd5 Bxd5 17. exd5 a5 18. Kb1 a4 19. Nc1 Qa5 20. h5 Nxd5 21. Qe4 Nf4 22. h6 g6 23. Bc4 Rad8 24. Bd5 Rc8 25. Rh2 Rc5 26. Rhd2 Rfc8 27. Ne2 {0-1 Zavivaeva,E (1790)-Ward,I (2028) Titled Tuesday intern op 13th Oct blitz 2020 (5)}) ({RR} 12... Rc8 13. Bxc4 Rxc4 14. h4 Qc8 15. h5 Be7 16. Kb1 Bxg4 17. fxg4 Rxc3 18. bxc3 Nxe4 19. Qe1 Nxc3+ 20. Kb2 Nxd1+ 21. Qxd1 Qc6 22. Rf1 d5 23. Qf3 O-O 24. Bd2 e4 25. Qf5 Bf6+ 26. Kb1 Rc8 27. Rc1 {0-1 Tan,W-Mohineesh,C (1925) Wch U10 Kemer 2007 (4)}) 13. Qxe3 Be7 14. h4 Qc7 15. Kb1 b4 16. Ne2 Rc8 17. Qd2 a5 18. g5 Nh5 19. Bh3 a4 20. Bxe6 fxe6 21. Nbc1 O-O 22. Rhf1 Kh8 23. Nd3 d5 24. Rc1 Qb8 25. f4 Rcd8 26. Nxe5 dxe4 27. Qe3 Qb7 28. Rcd1 Rd5 29. c4 bxc3 30. Nxc3 Bc5 31. Qc1 Rxd1 32. Rxd1 a3 33. Na4 Bf2 34. Rd7 Qb4 35. Qd1 Nxf4 36. Rd8 Nd5 37. Rxf8+ Qxf8 38. Qh5 Kg8 39. b3 e3 40. Nd3 Qf7 41. Qe2 Bxh4 42. Kc1 Bxg5 43. Kc2 Qc7+ 44. Ndc5 Be7 45. Qc4 Qh2+ 46. Kd3 Qd2+ 47. Ke4 e2 0-1

[Event "45th Olympiad 2024"]
[Site "Budapest HUN"]
[Date "2024.09.21"]
[Round "10.81"]
[Board "1"]
[White "Moncur, Cecil"]
[Black "D'Amico, Nicola"]
[Result "1/2-1/2"]
[WhiteElo "1839"]
[BlackElo "1801"]
[PlyCount "135"]
[EventDate "2024.09.11"]
[WhiteTeam "Bahamas"]
[BlackTeam "San Marino"]
[WhiteTeamCountry "BAH"]
[BlackTeamCountry "SMR"]

1. d4 f5 2. e4 fxe4 3. Nc3 Nf6 4. Bg5 g6 5. h4 d5 6. h5 Bg7 7. h6 Bf8 8. f3 Nc6 ({RR} 8... Qd6 9. Nge2 exf3 10. gxf3 c6 11. Qd2 Bf5 12. O-O-O Nbd7 13. Nf4 O-O-O 14. Nd3 Nh5 15. Rh4 Re8 16. Na4 Qc7 17. Rxh5 Bxd3 18. Bxd3 gxh5 19. Bf5 e6 20. Bf4 Bd6 21. Bxd6 Qxd6 22. Bg6 {0-1 Walkowiak,A (1722)-Ridge,B (1866) Scottish Int Open 2024 (1.24)}) 9. Qd2 exf3 $146 ({RR} 9... Be6 10. O-O-O Bf7 11. fxe4 Nxe4 12. Nxe4 dxe4 13. d5 Ne5 14. Bb5+ c6 15. Qc3 Qc7 16. dxc6 bxc6 17. Bf4 Nd3+ 18. Kb1 Bxa2+ 19. Kxa2 Nxf4 20. Qxc6+ Qxc6 21. Bxc6+ Kf7 22. Bxa8 {1-0 Barseghyan,H (2471)-Gatineau,Y (2423) FRA-chT 16 Final-A blitz 2021 (13)}) 10. gxf3 Bf5 11. O-O-O Qd7 12. Bxf6 exf6 13. Re1+ Be7 14. Bb5 O-O-O 15. Nxd5 Qxd5 16. Bxc6 Qxc6 17. Rxe7 Rxd4 18. Qe2 Bxc2 19. Qe6+ Qxe6 20. Rxe6 Bf5 21. Rxf6 Rhd8 22. Ne2 Rd2 23. Ng3 Rc2+ 24. Kb1 Rh2+ 25. Kc1 Rxh1+ 26. Nxh1 b6 27. Nf2 Rd6 28. Rf7 Rd7 29. Rf8+ Kb7 30. Ng4 Bxg4 31. fxg4 Kc6 32. g5 Kd6 33. Kc2 Ke6 34. Rf6+ Ke7 35. Kc3 Rd6 36. Rf4 Rd5 37. Re4+ Kf7 38. Rf4+ Rf5 39. Rg4 Ke6 40. b4 c5 41. a3 Rf3+ 42. Kb2 Kf5 43. Rg2 cxb4 44. axb4 Rf4 45. Kc3 b5 46. Ra2 Kxg5 47. Rxa7 Kxh6 48. Rb7 Rf5 49. Kd4 g5 50. Rc7 g4 51. Rc5 Kg5 52. Ke4 Rxc5 53. bxc5 b4 54. c6 b3 55. Kd3 b2 56. Kc2 b1=Q+ 57. Kxb1 g3 58. c7 g2 59. c8=Q g1=Q+ 60. Kb2 Qf2+ 61. Kc1 Qe1+ 62. Kc2 Qe2+ 63. Kc1 h5 64. Qd8+ Kg4 65. Qd7+ Kg3 66. Qd6+ Kf2 67. Qh2+ Ke3 68. Qe5+ 1/2-1/2

[Event "45th Olympiad 2024"]
[Site "Budapest HUN"]
[Date "2024.09.21"]
[Round "10.81"]
[Board "2"]
[White "Righi, Ezio"]
[Black "Ferguson, Joseph"]
[Result "1/2-1/2"]
[WhiteElo "1909"]
[BlackElo "1797"]
[PlyCount "106"]
[EventDate "2024.09.11"]
[WhiteTeam "San Marino"]
[BlackTeam "Bahamas"]
[WhiteTeamCountry "SMR"]
[BlackTeamCountry "BAH"]

1. e4 g6 2. d4 Bg7 3. Nc3 d6 4. Nf3 Nf6 5. h3 O-O 6. Be3 b6 7. Bd3 Ba6 ({RR} 7... Bb7 8. Qd2 d5 9. exd5 Nxd5 10. Nxd5 Bxd5 11. Be2 Bb7 12. Bh6 e6 13. h4 Bxh6 14. Qxh6 f6 15. O-O-O Nd7 16. Qe3 Re8 17. g4 Re7 18. g5 fxg5 19. h5 Qf8 20. hxg6 h6 21. Rh3 g4 22. Rxh6 {0-1 Oral,T (2510)-Lerner,K (2580) Karl Wagner Memorial 5th 1998 (8.4)}) ({RR} 7... a6 8. Qd2 Re8 9. e5 Nfd7 10. Be4 Ra7 11. O-O-O Bb7 12. h4 Qc8 13. Bh6 Bh8 14. Qf4 c5 15. Ng5 f5 16. Bxf5 gxf5 17. Qxf5 Nf6 18. Qd3 Bc6 19. exf6 exf6 20. Qc4+ {1-0 Goltsev,D (2251)-Strizhnev,I (1748) Korchnoi Mem Open 2023 (3.51)}) 8. O-O $146 ({RR} 8. Bxa6 Nxa6 9. Qe2 Nb8 10. O-O c6 11. Rad1 Qc8 12. Rfe1 d5 13. Bg5 dxe4 14. Nxe4 Nbd7 15. c4 Re8 16. Nc3 h6 17. Bf4 e6 18. Ne5 Rd8 19. Nxf7 Nf8 20. Nxd8 Qxd8 21. Be5 a5 22. Ne4 Ra7 {1-0 Kanefsck,G (2391)-Cristobal,R (2260) Mar del Plata-ch 1999 (9)}) ({RR} 8. Bxa6 Nxa6 9. a3 c5 10. dxc5 Nxc5 11. Bxc5 dxc5 12. O-O Nh5 13. Qe1 Qc7 14. Nd5 Qb7 15. Rb1 e6 16. Nc3 Bxc3 17. bxc3 Rad8 18. Qe3 Qc7 19. Rfe1 Qf4 20. Qe2 Rd7 21. Rbd1 Rfd8 22. Rxd7 Rxd7 {½-½ Ludwig,R (1378)-Post,I (1540) MVP-ch Seniors op 13th 2013 (6)}) ({RR} 8. Bxa6 Nxa6 9. Qe2 Qc8 10. e5 dxe5 11. Nxe5 Nb4 12. O-O Nfd5 13. Nxd5 Nxd5 14. Ng4 Qe6 15. Rfe1 h5 16. Nh2 Nxe3 17. fxe3 Qe4 18. c3 a5 19. Nf3 Bf6 20. Nd2 Qc2 21. Nc4 Qxe2 22. Rxe2 b5 {½-½ Godoy,R-Detthow,B BRA-ch Seniors 1st 1988 (2)}) 8... Bxd3 9. Qxd3 e6 10. Rfe1 Qc8 11. Rad1 Nc6 12. a3 a6 13. Qd2 b5 14. Bg5 Nd7 15. Bh6 Nb6 16. b3 b4 17. axb4 Nxb4 18. Bxg7 Kxg7 19. Ne2 Nc6 20. d5 Ne7 21. dxe6 Qxe6 22. Qc3+ Kg8 23. Qxc7 Nec8 24. Ned4 Qf6 25. Qc6 Qd8 26. e5 d5 27. e6 Ne7 28. exf7+ Rxf7 29. Qe6 Qc8 30. Qxc8+ Nbxc8 31. Ng5 Rf6 32. Re5 Ra7 33. Rde1 h6 34. Nge6 Nd6 35. Nc5 Kf7 36. f3 Ndf5 37. Nxf5 Rxf5 38. Re6 a5 39. Na4 Rf6 40. Rxf6+ Kxf6 41. Re2 Rc7 42. Kf2 d4 43. Nb2 Nd5 44. Rd2 Ne3 45. Rxd4 Rxc2+ 46. Kxe3 Rxb2 47. Rd6+ Kf7 48. Rb6 a4 49. b4 a3 50. Ra6 a2 51. g3 Rb3+ 52. Ke2 Rb2+ 53. Ke3 Rb3+ 1/2-1/2

[Event "45th Olympiad 2024"]
[Site "Budapest HUN"]
[Date "2024.09.21"]
[Round "10.81"]
[Board "3"]
[White "Pride, Avian"]
[Black "Grassi, Enrico"]
[Result "1-0"]
[WhiteElo "1743"]
[BlackElo "1965"]
[PlyCount "51"]
[EventDate "2024.09.11"]
[WhiteTeam "Bahamas"]
[BlackTeam "San Marino"]
[WhiteTeamCountry "BAH"]
[BlackTeamCountry "SMR"]

1. d4 Nf6 2. Nf3 c5 3. d5 d6 4. c4 b5 5. cxb5 a6 6. bxa6 g6 7. Nc3 Bg7 8. e4 O-O 9. Be2 Bxa6 ({RR} 9... Nxa6 10. O-O Nc7 11. h3 Rb8 12. Re1 Bb7 13. Bf4 Ba8 14. Qd2 Rb4 15. Bf1 e6 16. a3 Rb6 17. Bc4 exd5 18. exd5 Qd7 19. b3 Rfb8 20. Rad1 Bb7 21. Na4 Bxd5 22. Nxb6 Rxb6 23. Qe2 h6 24. Qe7 {1-0 Vallejo Pons,F (2716)-Cordova,E (2638) Olympiad-42 Baku 2016 (4.1)}) 10. Bxa6 Nxa6 11. O-O Qb6 12. a3 $146 ({RR} 12. Qe2 Nc7 13. Nd2 Rfb8 14. Nc4 Qa6 15. Rb1 Nb5 16. Nxb5 Rxb5 17. b3 Qxa2 18. Bb2 Qxb3 19. Nd2 Qxb2 20. Rxb2 Rxb2 21. Rb1 Rxb1+ 22. Nxb1 Ra1 23. Qc2 Nd7 24. g3 Bd4 25. Kg2 Ne5 26. Nc3 Bxc3 {0-1 Sanzhaev,D (2112)-Shabalin,E (2220) Privolzhskogo FO-ch 2009 (8)}) ({RR} 12. a4 Nb4 13. Qe2 Nd7 14. Nd2 Nc2 15. Ra2 Nd4 16. Qd1 Ne5 17. b3 Rfb8 18. Nc4 Qxb3 19. Nxe5 Bxe5 20. Qxb3 Rxb3 21. Nd1 Rb4 22. a5 Nb3 23. Bb2 Bxb2 24. Rxb2 Nxa5 25. Rxb4 cxb4 26. Nb2 Rb8 {0-1 Sole,M (1828)-Ling,J (1640) KCF University Cup rapid 2021 (8)}) ({RR} 12. Rb1 Nc7 13. a3 Nb5 14. Nxb5 Qxb5 15. Qc2 Qa4 16. Qxa4 Rxa4 17. e5 dxe5 18. Nxe5 Nxd5 19. Re1 Rd8 20. Kf1 e6 21. Bd2 Ne7 22. Rbd1 Rad4 23. Nf3 Rd3 24. Ke2 Bxb2 25. Bc1 Rxd1 26. Rxd1 Rb8 {0-1 Bauder,H (1963)-Ricter,J (2108) Wch Seniors 65 26th 2016 (6)}) ({RR} 12. a4 Nb4 13. Qe2 Qa6 14. Nb5 Rfb8 15. Ra3 Ne8 16. Re1 Qb7 17. b3 Nc7 18. Nxc7 Qxc7 19. Qc4 Qb7 20. Nd2 Qa6 21. Qxa6 Rxa6 22. Rf1 Nd3 23. Nc4 e6 24. Rd1 exd5 25. exd5 Nb4 26. Bf4 Rd8 {½-½ Slater Jones,H (1760)-Seibt,S (1906) Wch U16 Montevideo 2017 (10)}) 12... Rfb8 13. Re1 Nd7 14. Re2 Qb3 15. Bf4 Bxc3 16. bxc3 Qxc3 17. e5 Qc4 18. Bg3 dxe5 19. Bxe5 Nxe5 20. Nxe5 Qb5 21. Nc6 Re8 22. Rb1 Qc4 23. Rxe7 Rxe7 24. Nxe7+ Kf8 25. d6 Rd8 26. Nc6 1-0

[Event "45th Olympiad 2024"]
[Site "Budapest HUN"]
[Date "2024.09.21"]
[Round "10.81"]
[Board "4"]
[White "Piva, Michele"]
[Black "Whyms, Chapell"]
[Result "0-1"]
[WhiteElo "1721"]
[BlackElo "1701"]
[PlyCount "86"]
[EventDate "2024.09.11"]
[WhiteTeam "San Marino"]
[BlackTeam "Bahamas"]
[WhiteTeamCountry "SMR"]
[BlackTeamCountry "BAH"]

1. d4 Nf6 2. c4 g6 3. Nc3 Bg7 4. e4 d6 5. Be2 O-O 6. h3 e5 7. d5 a5 ({RR} 7... Na6 8. Bg5 c6 9. Nf3 Qb6 10. Rb1 Nc5 11. Nd2 a5 12. Be3 Qd8 13. a3 Bd7 14. b4 axb4 15. axb4 cxd5 16. cxd5 Na4 17. Qb3 Nxc3 18. Qxc3 Ra2 19. b5 Qa8 20. O-O Rc8 21. Qb4 Nxe4 22. Qxe4 {1-0 Malek,J (2479)-Kazakouski,V (2603) 2nd Dole Open 2024 (4.9)}) 8. a3 ({RR} 8. h4 Na6 9. h5 Nc5 10. hxg6 hxg6 11. Qc2 c6 12. Be3 cxd5 13. Bxc5 dxc5 14. cxd5 Bd7 15. a4 Ne8 16. Nf3 Nd6 17. Nd2 f5 18. Nc4 Qe7 19. Nxd6 Qxd6 20. Bb5 fxe4 21. Bxd7 Qxd7 22. Nxe4 Qxd5 {1-0 Arias,J (2348)-Daakshin,A (2274) Titled Tue 2nd Jul Early 2024 (5)}) 8... Nbd7 9. Be3 Nc5 $146 ({RR} 9... Ne8 10. Rb1 f5 11. Bd3 Nef6 12. exf5 gxf5 13. Bxf5 Nc5 14. Bxc8 Rxc8 15. Bxc5 dxc5 16. Nge2 e4 17. O-O Re8 18. Nf4 Qd6 19. Ne6 c6 20. Nxg7 Kxg7 21. dxc6 Qxc6 22. Qe2 Rcd8 23. Nb5 Nd7 24. Rfd1 {1-0 Getearc,G-Kim,D Dos Hermanas Internet qual-A 10th blitz 2009 (4)}) ({RR} 9... Ne8 10. Bd3 f5 11. exf5 gxf5 12. f3 Nc5 13. Bxc5 dxc5 14. Qd2 Nd6 15. Nge2 Bd7 16. O-O Qh4 17. Qe3 b6 18. Qf2 Qh6 19. f4 e4 20. Bc2 Nxc4 21. b3 Nd6 22. Rad1 Rae8 23. Kh1 Rf7 24. Nb1 {0-1 Chomu Clement,M (1615)-Bursuc,M (1823) FIDE Disabilities Olym 2023 (1.12)}) 10. Qc2 b6 11. Nf3 Bd7 12. Nd2 a4 13. O-O Ne8 14. f4 Nb3 15. Nxb3 axb3 16. Qd2 f5 17. Rf3 exf4 18. Bxf4 Bxc3 19. Qxc3 fxe4 20. Rf2 Qf6 21. Qxf6 Nxf6 22. Raf1 Kg7 23. Bg5 Ng8 24. Be3 Rxf2 25. Rxf2 Rf8 26. Bd4+ Nf6 27. Bd1 Ba4 28. Bg4 h5 29. Be6 g5 30. g3 Be8 31. Kg2 Kg6 32. Bf5+ Kh6 33. Bxe4 Nd7 34. Rxf8 Nxf8 35. Bf6 Nd7 36. Bd8 Ne5 37. Bxc7 Nxc4 38. Kf3 Nxb2 39. Bxd6 Nc4 40. Bb4 Bg6 41. Bc3 Nd2+ 42. Bxd2 Bxe4+ 43. Kxe4 b2 0-1

[Event "45th Olympiad 2024"]
[Site "Budapest HUN"]
[Date "2024.09.21"]
[Round "10.82"]
[Board "2"]
[White "McCoy, Tom"]
[Black "Weldegebriel Beraki, Kibrom"]
[Result "1-0"]
[WhiteElo "1883"]
[BlackElo "1885"]
[PlyCount "93"]
[EventDate "2024.09.11"]
[WhiteTeam "Papua New Guinea"]
[BlackTeam "Eritrea"]
[WhiteTeamCountry "PNG"]
[BlackTeamCountry "ERI"]

1. e4 c5 2. c3 Nf6 3. e5 Nd5 4. Nf3 Nc6 5. Bc4 Nc7 ({RR} 5... Nb6) 6. O-O d5 7. exd6 e6 $146 ({RR} 7... Qxd6 8. d4 b5 9. Bb3 c4 10. Bc2 Be6 11. Nbd2 Bd5 12. Ne4 Bxe4 13. Bxe4 Nd5 14. Ne5 Rd8 15. f4 e6 16. a4 b4 17. Nxc4 Qc7 18. Qd3 g6 19. Bd2 Bg7 20. Ne5 f5 21. Bf3 Nxe5 22. fxe5 {1-0 Seger,R (2399)-Potyavin,I (2046) Porto Mannu op 2007 (7)}) ({RR} 7... Qxd6 8. d4 b5 9. Be2 c4 10. a4 a6 11. b3 cxb3 12. axb5 axb5 13. Rxa8 Nxa8 14. Bxb5 Nc7 15. Qxb3 Nxb5 16. Qxb5 Bd7 17. Qb7 Qb8 18. Qxb8+ Nxb8 19. Ne5 Bf5 20. Bf4 Nd7 21. Nd2 Nxe5 22. Bxe5 {1-0 Santos,M (1564)-Carneiro,C (1211) 10th Floripa Open 2024 (8.162)}) ({RR} 7... Qxd6 8. d4 cxd4 9. cxd4 e6 10. Nc3 Be7 11. Be3 b6 12. Rc1 O-O 13. d5 Na5 14. Ne4 Qb4 15. a3 Qxc4 16. Rxc4 Nxc4 17. d6 Nxd6 18. Nxd6 Rd8 19. Nxc8 Raxc8 20. Qa4 Nd5 21. Bg5 f6 22. Bd2 {1-0 Kalezic,B (2445)-Cirovic,M (1980) Podgorica Buducnost op 2nd 2016 (1)}) ({RR} 7... Qxd6 8. d4 e6 9. Be3 cxd4 10. Nxd4 Be7 11. Nd2 e5 12. Nxc6 Qxc6 13. Qh5 Be6 14. Bxe6 Qxe6 15. Nf3 Bf6 16. Rfe1 O-O 17. Bd4 Rad8 18. Bxe5 Bxe5 19. Rxe5 Qb6 20. b3 Ne6 21. Qg4 Rd3 22. c4 {1-0 Mammadov,Z (2438)-Ghorbani,H (2181) Teheran Paytakht Cup 1st 2016 (1)}) 8. dxc7 Qxc7 9. d4 cxd4 10. Nxd4 Ne5 11. Bb5+ Bd7 12. Bf4 Rd8 13. Qa4 a6 14. Bxd7+ Rxd7 15. Na3 Bd6 16. Rfe1 Nd3 17. Bxd6 Qxd6 18. Nf5 Qc5 19. Nxg7+ Kf8 20. Re3 Nxf2 21. Qb4 Qxb4 22. cxb4 Nd1 23. Re1 Nxb2 24. Nh5 Rd2 25. Rac1 Ke7 26. Rc7+ Rd7 27. Rec1 Rhd8 28. b5 Nd3 29. R1c4 e5 30. Ng3 Nf4 31. bxa6 bxa6 32. R4c6 h5 33. Nc4 f6 34. Nf5+ Kf7 35. Nfd6+ Kg6 36. Rxd7 Rxd7 37. Rxa6 h4 38. a4 h3 39. g3 Ne2+ 40. Kf2 Nd4 41. a5 Nf5 42. Rb6 Nxd6 43. Rxd6 Rc7 44. Nxe5+ Kf5 45. Nc6 Rb7 46. Rd2 Rb1 47. a6 1-0

[Event "45th Olympiad 2024"]
[Site "Budapest HUN"]
[Date "2024.09.21"]
[Round "10.82"]
[Board "3"]
[White "Lilay Weldu Gebru"]
[Black "Jones, Rupert"]
[Result "1/2-1/2"]
[WhiteElo "1977"]
[BlackElo "1849"]
[PlyCount "86"]
[EventDate "2024.09.11"]
[WhiteTeam "Eritrea"]
[BlackTeam "Papua New Guinea"]
[WhiteTeamCountry "ERI"]
[BlackTeamCountry "PNG"]

1. e4 d5 2. exd5 Nf6 3. d4 Bg4 4. Be2 Bxe2 5. Nxe2 Qxd5 6. O-O e6 7. Nbc3 Qd7 8. a3 ({RR} 8. Bf4 Na6 9. Re1 Be7 10. Ng3 O-O 11. Nce4 Nd5 12. Bc1 Rad8 13. c3 c5 14. dxc5 Nxc5 15. Nxc5 Bxc5 16. Ne4 Be7 17. Qf3 Nf6 18. Nxf6+ Bxf6 19. Be3 b6 20. Rad1 Qa4 21. Ra1 Qb5 22. Qe2 Qa4 {½-½ Antunes,L-Vitielo,A (1768) 10th Floripa Open 2024 (1.198)}) 8... Nc6 9. Bg5 Be7 10. Qd2 $146 ({RR} 10. Re1 O-O-O 11. Be3 h6 12. b4 Ng4 13. Ne4 Nxe3 14. fxe3 Qd5 15. N2g3 Bh4 16. Qe2 Bxg3 17. Nxg3 f5 18. c4 Qd7 19. Qf3 Rhf8 20. Ne2 g5 21. Red1 e5 22. d5 Ne7 23. Nc3 g4 24. Qe2 f4 {½-½ Crane,T-Deputy,L (1838) Red River Shootout 17th 2019 (1.11)}) 10... h6 11. Be3 Rd8 12. Rad1 O-O 13. h3 Nd5 14. Nxd5 exd5 15. Qd3 Bf6 16. Ng3 Ne7 17. Nh5 Qc6 18. c3 Kh8 19. Rfe1 Ng8 20. Bf4 Rd7 21. Qg3 Kh7 22. Re2 g6 23. Qd3 Bd8 24. Rde1 Re7 25. Be5 f6 26. Bh2 Rxe2 27. Rxe2 Re8 28. Nf4 f5 29. Rxe8 Qxe8 30. Nxd5 Qe1+ 31. Qf1 Qd2 32. Qb1 c6 33. Ne3 Bg5 34. Nc4 Qe2 35. Ne5 Nf6 36. Bg3 Ne4 37. Qa2 Nd6 38. Qe6 f4 39. Qxg6+ Kh8 40. Bxf4 Qe1+ 41. Kh2 Bxf4+ 42. g3 Qxf2+ 43. Kh1 Qf1+ 1/2-1/2

[Event "45th Olympiad 2024"]
[Site "Budapest HUN"]
[Date "2024.09.21"]
[Round "10.83"]
[Board "1"]
[White "Stratonowitsch, Andre"]
[Black "Celis, Joel"]
[Result "1-0"]
[WhiteElo "2154"]
[BlackElo "1929"]
[PlyCount "185"]
[EventDate "2024.09.11"]
[WhiteTeam "Seychelles"]
[BlackTeam "Macau, China"]
[WhiteTeamCountry "SEY"]

1. e4 d5 2. exd5 Qxd5 3. Nc3 Qa5 4. Bc4 Nf6 5. Nf3 Bg4 6. h3 Bh5 7. O-O e6 8. Qe2 $146 ({RR} 8. d4 c6 9. Re1 Nbd7 10. Bd2 Qc7 11. Qe2 O-O-O 12. g4 Bg6 13. Ne5 Nxe5 14. dxe5 Nd5 15. Nxd5 exd5 16. Bb3 Bc5 17. Bf4 f6 18. Qf3 Be4 19. Qg3 g5 20. Be3 Bxe3 21. Rxe3 f5 22. gxf5 Bxf5 {1-0 Krupkova,P-Nemcova,V (2070) CSR-ch (Women) 1991}) ({RR} 8. Re1 c6 9. Be2 Nbd7 10. d3 Qc7 11. Ng5 Bg6 12. Nge4 Nd5 13. Bh5 Be7 14. Bd2 O-O 15. Bxg6 hxg6 16. Bg5 Nxc3 17. bxc3 Nf6 18. Qf3 Nd5 19. Bxe7 Qxe7 20. c4 Nb4 21. Qe2 c5 22. c3 Nc6 {½-½ Yudasin,L (2625)-Rogers,I (2560) Tilburg rapid20 1994 (1)}) ({RR} 8. d4 Nc6 9. Bd2 O-O-O 10. Nd5 Bxf3 11. gxf3 Qa4 12. b3 Qa3 13. Nxf6 gxf6 14. c3 e5 15. f4 exd4 16. Qf3 Qc5 17. Bxf7 dxc3 18. Bxc3 Nd4 19. Bxd4 Rxd4 20. Rac1 Qd6 21. Rfe1 Bh6 22. Rc4 Rxc4 {1-0 Sonis,F (2562)-Weishaeutel,M (2378) Titled Tue 5th Mar Early 2024 (9)}) ({RR} 8. d3 c6 9. a3 Nbd7 10. Bf4 Be7 11. Re1 O-O 12. Qe2 Bxf3 13. Qxf3 Rfe8 14. d4 Qb6 15. Qd3 c5 16. Be3 Rad8 17. Bb5 cxd4 18. Bxd4 Bc5 19. Bxc5 Nxc5 20. Qe3 Re7 21. b4 Ncd7 22. Qxb6 Nxb6 {½-½ Mihelic,I-Stumberger,T SLO-ch Girls 1992}) ({RR} 8. Bb5+ c6 9. Bc4 Nbd7 10. d3 Be7 11. Bf4 Qf5 12. g4 Bxg4 13. hxg4 Qxf4 14. g5 Ng4 15. Re1 Nde5 16. Re4 Nxf3+ 17. Kf1 Nfh2+ 18. Ke1 Qxf2# {0-1 Aichele,C-Scheuring,V (2051) Verbandsliga Sued Baden 1011 2010 (9.8)}) 8... Bd6 9. Nb5 O-O 10. c3 a6 11. b4 Qb6 12. Nxd6 cxd6 13. Qe3 Qc7 14. Bb3 Nbd7 15. c4 a5 16. bxa5 e5 17. Bb2 Rxa5 18. d4 Re8 19. dxe5 dxe5 20. Rfe1 h6 21. Bc3 Rc5 22. Bb4 Rc6 23. Rac1 Nc5 24. Bxc5 Rxc5 25. Nd2 Bg6 26. Nb1 Bxb1 27. Rxb1 Nd7 28. Ba4 Rxc4 29. Bb5 Rd4 30. Qxd4 exd4 31. Rxe8+ Kh7 32. Bxd7 Qxd7 33. Re2 b5 34. Reb2 d3 35. Rd2 Qd5 36. Rb3 Qe5 37. Rbxd3 b4 38. g3 g5 39. Kh2 Kg6 40. Rd4 Qc5 41. Rd6+ f6 42. R6d3 h5 43. Rb3 f5 44. Rdb2 f4 45. Rxb4 f3 46. a4 Qd5 47. Rb1 Qa2 48. Kg1 Kh6 49. Rb7 Kg6 50. a5 Kf5 51. a6 Qxa6 52. Rf7+ Kg6 53. Rxf3 g4 54. hxg4 hxg4 55. Rf4 Kg5 56. Rbb4 Qa1+ 57. Kh2 Qh8+ 58. Kg1 Qa1+ 59. Kg2 Qa8+ 60. Rbe4 Qb7 61. Rxg4+ Kf5 62. Rgf4+ Kg5 63. Kh2 Qb8 64. Rg4+ Kf5 65. Ref4+ Ke5 66. Rg5+ Ke6 67. Rh5 Qa7 68. Kg2 Qb7+ 69. Rf3 Qa8 70. Rh1 Qb7 71. Re1+ Kd6 72. Ree3 Qa8 73. g4 Kd7 74. g5 Qg8 75. Rg3 Qg6 76. Ref3 Ke7 77. Rf4 Kd7 78. Rgg4 Qc6+ 79. Rf3 Qg6 80. Rf6 Qh5 81. f3 Qe8 82. Rd4+ Kc7 83. Re4 Qb5 84. Re7+ Kd8 85. Rg7 Ke8 86. Kg3 Qe5+ 87. Kg4 Qh2 88. Rf4 Qg2+ 89. Kf5 Qc2+ 90. Re4+ Kf8 91. Rge7 Qc5+ 92. Kg6 Qc6+ 93. R7e6 1-0